00227nam a22000857a 4500999001700000100001400017245003000031942000700061952007300068 c66419d66416 aChurchill afocier series and bondary cBK 00104070aSLMSbSLMSd2020-01-21l0p5618r2020-01-21 00:00:00yBK